[Event "Dortmund op-A"]
[Site "Dortmund"]
[Date "1993.??.??"]
[Round "2"]
[White "Mainka, Romuald"]
[Black "Repkova Eid, Eva"]
[Result "1-0"]
[WhiteElo "2515"]
[BlackElo "2340"]

1.e4 e6 2.d4 d5 3.Nc3 Nf6 4.e5 Nfd7 5.f4 c5 6.Nf3 Nc6 7.Be3 a6 8.Qd2 b5 9.dxc5 Nxc5
10.Qf2 b4 11.Bxc5 bxc3 12.b3 Qa5 13.Bxf8 Kxf8 14.Bd3 Bd7 15.O-O g6 16.a3 Ne7
17.Nd4 Bb5 18.b4 Qa4 19.Nxb5 axb5 20.Qb6 Kg7 21.Qc5 Nf5 22.g4 Rhc8 23.Qf2 Nh6
24.Qh4 Qa7+ 25.Kh1 Qe3 26.Rae1 Qd4 27.Rf3 Rc7 28.Rh3 Ng8 29.Qxh7+ Kf8 30.f5  1-0

[Event "Dortmund op-A"]
[Site "Dortmund"]
[Date "1993.??.??"]
[Round "5"]
[White "Wegener, Dirk"]
[Black "Janovsky, Sergey"]
[Result "0-1"]
[WhiteElo "2305"]
[BlackElo "2455"]

1.e4 e6 2.d4 d5 3.Nc3 Nf6 4.e5 Nfd7 5.f4 c5 6.Nf3 Nc6 7.Be3 cxd4 8.Nxd4 Bc5
9.Qd2 O-O 10.h4 a6 11.h5 Nxd4 12.Bxd4 Qc7 13.O-O-O b5 14.Re1 Qa5 15.Kb1 Bxd4
16.Qxd4 b4 17.Nd1 b3 18.Nc3 bxa2+ 19.Ka1 Rb8 20.f5 Nc5 21.f6 Qb6 22.Nb5 gxf6
23.Rh3 Kh8 24.Qh4 Nd7 25.Rg3 Rg8 26.Rxg8+ Kxg8 27.exf6 axb5 28.Bd3 Kf8 29.Qg5 Ke8
30.Bxh7 Qf2 31.Rxe6+ fxe6 32.f7+ Kxf7 33.Bg6+ Kf8 34.Qd8+ Kg7 35.h6+  0-1

[Event "Dortmund op-A"]
[Site "Dortmund"]
[Date "1993.??.??"]
[Round "6"]
[White "Janovsky, Sergey"]
[Black "Heyken, Enno"]
[Result "1/2-1/2"]
[WhiteElo "2455"]
[BlackElo "2375"]

1.e4 e6 2.d4 d5 3.Nc3 Nf6 4.e5 Nfd7 5.f4 c5 6.Nf3 b6 7.Be3 Be7 8.h4 Nc6 9.g3 a6
10.Bh3 Qc7 11.Ne2 cxd4 12.Nexd4 Nxd4 13.Nxd4 Nc5 14.Bg2 Bb7 15.Qe2 Ne4 16.Bxe4 dxe4
17.O-O-O Bd5 18.Kb1 b5 19.h5 O-O-O 20.h6 gxh6 21.Rxh6 Bc5 22.g4 Qa5 23.b3 Ba3
24.Bd2 Qb6 25.Bc3 Bb7 26.Qe3 Rd7 27.Rh2 a5 28.Rhd2 Bc5 29.Qe1 b4 30.Bb2 Rhd8
31.Qe3 a4 32.g5 Rh8 33.Qh3 Rhd8 34.Qe3 Kb8 35.Qf2 a3 36.Ba1 Ba6 37.Qe3 Bb7
38.Qf2 Rh8 39.Qg1 h5 40.gxh6 Rxh6 41.Kc1 Rh8 42.Qe3 Rhd8 43.Kb1 Rd5 44.Kc1 R8d7
45.Kb1 Qd8 46.c4 bxc3 47.Bxc3 f5 48.exf6 Qxf6 49.Ka1 Ka8 50.Kb1 e5 51.fxe5 Qxe5
52.b4 Ba7 53.Kc2 Ba6 54.Kb3 Qc7 55.Qxe4 Qc4+ 56.Kxa3 Bb7 57.Qe3 R5d6 58.Kb2 Bd5  1/2-1/2

[Event "Dortmund op-A"]
[Site "Dortmund"]
[Date "1993.??.??"]
[Round "7"]
[White "Schmaltz, Roland"]
[Black "Klingelhoefer, Stefan"]
[Result "1-0"]
[WhiteElo "2390"]
[BlackElo "2335"]

1.e4 e6 2.d4 d5 3.Nc3 Nf6 4.e5 Nfd7 5.f4 c5 6.Nf3 Nc6 7.Be3 a6 8.Qd2 b5 9.dxc5 Bxc5
10.Bxc5 Nxc5 11.Qf2 Qb6 12.Bd3 Rb8 13.O-O Na4 14.Nxa4 Qxf2+ 15.Kxf2 bxa4
16.b3 Nb4 17.Nd4 Bd7 18.Ke3 Ke7 19.bxa4 Bxa4 20.f5 Nxd3 21.cxd3 Rb2 22.fxe6 fxe6
23.Rac1 Rd8 24.Rf2 Rxf2 25.Kxf2 Rf8+ 26.Ke3 Bd7 27.Rc7 Rf1 28.Nb3 Kd8 29.Ra7 Rf5
30.Nc5 Bc8 31.d4 Rg5 32.g3 Rh5 33.Rxg7 Rxh2 34.Na4 Rxa2 35.Nb6 Ra3+ 36.Kd2 Rb3
37.Rg8+ Ke7 38.Nxc8+ Kf7 39.Rh8 Rxg3 40.Rxh7+ Kg6 41.Re7 Rg2+ 42.Ke3 Rg3+
43.Kf4 Rd3 44.Rxe6+ Kg7 45.Nd6 Rxd4+ 46.Kg5 Rd1 47.Nf5+ Kh8 48.Rxa6 Re1 49.e6 Rg1+
50.Kf6  1-0

[Event "Dortmund op-A"]
[Site "Dortmund"]
[Date "1993.??.??"]
[Round "8"]
[White "Metz, Hartmut"]
[Black "Bischof, Detlef"]
[Result "1-0"]
[WhiteElo "2270"]
[BlackElo "2350"]

1.e4 e6 2.d4 d5 3.Nc3 Nf6 4.e5 Nfd7 5.f4 c5 6.Nf3 Nc6 7.Be3 cxd4 8.Nxd4 Bc5
9.Qd2 O-O 10.O-O-O Qe7 11.Be2 Bb4 12.Kb1 Nb6 13.a3 Bc5 14.Nb3 Bxe3 15.Qxe3 Bd7
16.Bd3 Rfc8 17.Qh3 g6 18.Qe3 Nd8 19.Ne2 Nc4 20.Bxc4 Rxc4 21.Ned4 Ba4 22.h4 Bxb3
23.cxb3 Rc7 24.h5 a6 25.Rh3 Nc6 26.Nf3 d4 27.Qd3 f5 28.hxg6 hxg6 29.Ng5  1-0

[Event "Dortmund op-A"]
[Site "Dortmund"]
[Date "1993.??.??"]
[Round "9"]
[White "Schmaltz, Roland"]
[Black "Janovsky, Sergey"]
[Result "1/2-1/2"]
[WhiteElo "2390"]
[BlackElo "2455"]

1.e4 e6 2.d4 d5 3.Nc3 Nf6 4.e5 Nfd7 5.f4 c5 6.Nf3 Nc6 7.Be3 cxd4 8.Nxd4 Bc5
9.Qd2 O-O 10.O-O-O a6 11.h4 Nxd4 12.Bxd4 Qc7 13.Kb1 b5 14.Rh3 b4 15.Na4 Bxd4
16.Qxd4 Rb8 17.b3 a5 18.c3 f6 19.exf6 Rxf6 20.Rf3 bxc3 21.Qxc3 Qxc3 22.Nxc3 Bb7
23.Re3 Rxf4 24.Rxe6 Nf6 25.Ba6 Ba8 26.g3 Rg4 27.Ne2 a4 28.Kb2 axb3 29.axb3 Ne4
30.Rc1 Nxg3 31.Nxg3 Rxg3 32.Rc8+ Rxc8 33.Bxc8 Rg2+ 34.Ka3 Rc2 35.Re8+ Kf7
36.Rh8 h6 37.Bf5 Rf2 38.Bd7 Bb7 39.h5 d4 40.Be8+ Ke7 41.Bg6 Bd5 42.Kb4 Rf3
43.Kc5 Bxb3 44.Re8+ Kd7 45.Kxd4 Rg3 46.Rb8 Ke7 47.Ke5 Rg5+ 48.Kf4 Be6 49.Re8+ Kd7
50.Rb8 Bd5 51.Rh8 Ke7 52.Re8+  1/2-1/2

[Event "Dortmund op-A"]
[Site "Dortmund"]
[Date "1993.??.??"]
[Round "11"]
[White "Souleidis, Georgios"]
[Black "Heyken, Enno"]
[Result "1/2-1/2"]
[WhiteElo "2305"]
[BlackElo "2375"]

1.e4 e6 2.d4 d5 3.Nc3 Nf6 4.e5 Nfd7 5.f4 c5 6.Nf3 b6 7.Be3 Be7 8.Qd2 Nc6
9.O-O-O a6 10.Kb1 Qc7 11.h4 Bb7 12.h5 h6 13.Rh3 O-O-O 14.Rg3 Rhg8 15.Ne2 cxd4
16.Nexd4 Nxd4 17.Nxd4 Nc5 18.Bd3 Ne4 19.Bxe4 dxe4 20.c4 Rd7 21.b4 Kb8 22.Rc1 a5
23.a3 Ba6 24.Qc3 Rc8 25.b5 Bb7 26.Rxg7 Bc5 27.Nc6+ Bxc6 28.Bxc5 bxc5 29.bxc6 Qxc6
30.Qxa5 e3 31.Ka1 Rb7 32.Qc3 e2 33.Rg3 Rd8 34.Re3 Qxg2 35.Re1 Rd1+ 36.Ka2 Rxe1
37.Qxe1 Qf1 38.Rxe2 Qxf4 39.Qc3 Qf5 40.Qc2 Qf4 41.Qe4 Qc1 42.Qd3 Ka7 43.Qc2 Qg5
44.Qa4+ Kb8 45.Qe8+ Ka7 46.Qa4+ Kb8 47.Qe8+  1/2-1/2

[Event "Dortmund op-A"]
[Site "Dortmund"]
[Date "1993.??.??"]
[Round "11"]
[White "Metz, Hartmut"]
[Black "Breutigam, Martin"]
[Result "1/2-1/2"]
[WhiteElo "2270"]
[BlackElo "2320"]

1.e4 e6 2.d4 d5 3.Nc3 Nf6 4.e5 Nfd7 5.f4 c5 6.Nf3 Nc6 7.Be3 Qb6 8.Na4 Qa5+
9.c3 cxd4 10.b4 Nxb4 11.cxb4 Bxb4+ 12.Bd2 Bxd2+ 13.Nxd2 g5 14.Kf2 d3 15.Nf3 b5
16.Nb2 g4 17.Nd4 Qc3 18.Qxd3 Qxb2+ 19.Be2 Nc5 20.Qxb5+ Qxb5 21.Nxb5 O-O 22.Bxg4 Rb8
23.Rhb1 Bd7 24.Nd4 Ba4 25.Ke3 Rfe8 26.Be2 a5 27.Bd3 h6 28.Rxb8 Rxb8 29.Rb1 Rxb1
30.Bxb1 Nd7 31.Bd3 Kf8 32.Nb3 f6 33.Kd4 fxe5+ 34.fxe5 Bxb3 35.axb3 Ke7 36.h4 Kd8
37.Be2 Ke7 38.g3 Kd8 39.Bb5 Nf8 40.Kc5 Kc7 41.Be8 Kd8 42.Bb5 Ke7 43.Bd3 Nd7+
44.Kd4 Nf8 45.g4 Kf7 46.h5 Ke7 47.Ke3 Nd7 48.Kd4 Nf8 49.Bb1 Kf7 50.Bc2 Ke8
51.Kc5 Ke7 52.Bd3 Nd7+ 53.Kd4 Nf8 54.Ke3 Nd7 55.Kf4 Kf7 56.Bg6+ Kg7 57.Bc2 Kf7
58.Bd1 Kg7 59.Bc2 Kf7 60.Bg6+ Kg7 61.Bc2  1/2-1/2

[Event "Dresden op"]
[Site "Dresden"]
[Date "1993.??.??"]
[Round "?"]
[White "Enders, Peter"]
[Black "Claussen, Uwe"]
[Result "1-0"]
[WhiteElo "2490"]
[BlackElo "2195"]

1.e4 e6 2.d4 d5 3.Nc3 Nf6 4.e5 Ne4 5.Bd3 Nxc3 6.bxc3 b6 7.Nh3 c5 8.O-O Ba6
9.Bxa6 Nxa6 10.Nf4 c4 11.Nh5 Qc7 12.a4 Kd7 13.Bf4 Kc6 14.g4 Qe7 15.Qb1 Nc7
16.a5 b5 17.a6 Rb8 18.Ra5 Rb6 19.Bg3 Rxa6 20.Rxa6+ Nxa6 21.f4 Qa3 22.Qa1 Qxa1
23.Rxa1 Kb7 24.f5 g6 25.fxe6 fxe6 26.Nf4 Nc7 27.Bh4 Bh6 28.Ne2 g5 29.Be1 Bg7
30.Bd2 h6 31.Kg2 Rf8 32.h4 gxh4 33.Nf4 Rf7 34.Ng6 Kb6 35.Nxh4 a5 36.Ng6 a4
37.Bc1 Kc6 38.Ba3 Na6 39.Kg3 Ra7 40.Nf4 Kd7 41.Rf1 Rb7 42.Nh5 Kc6 43.Rh1 Rf7
44.Nxg7 Rxg7 45.Rxh6 Kd7 46.Rh8 b4 47.cxb4 Nc7 48.Bc1 Kc6 49.Kh4 c3 50.Kh5 Nb5
51.g5 Ra7 52.g6 a3 53.Bxa3 Nxa3 54.Rc8+ Kb5 55.Rxc3 Kxb4 56.Rc6 Re7 57.Kh6 Kb5
58.Rc8 Nc4 59.g7  1-0

[Event "Narancs Cup"]
[Site "Eger"]
[Date "1993.??.??"]
[Round "6"]
[White "Horvath, Peter"]
[Black "Kaposztas, Miklos"]
[Result "0-1"]
[WhiteElo "2290"]
[BlackElo "2265"]

1.e4 e6 2.d4 d5 3.Nc3 Nf6 4.e5 Nfd7 5.f4 c5 6.Nf3 Nc6 7.Be3 cxd4 8.Nxd4 Nxd4
9.Bxd4 Nb8 10.a3 Nc6 11.Bb5 Bd7 12.O-O Qc7 13.Bxc6 bxc6 14.b4 c5 15.bxc5 Bxc5
16.Kh1 Rc8 17.Ne2 Bb5 18.c3 Bxd4 19.cxd4 O-O 20.Rg1 Qb6 21.Ng3 Rc4 22.a4 Ba6
23.Qg4 f5 24.exf6 Rxf6 25.Rab1 Qxd4 26.Rb8+ Rc8 27.Nh5 Rf7 28.Rxc8+ Bxc8
29.Qg5 Qxa4 30.Nxg7 Qxf4 31.Nxe6+ Qxg5 32.Nxg5 Rb7 33.h3 Bf5 34.Re1 Rb1 35.Rxb1 Bxb1
36.Ne6 a5 37.Kg1 a4 38.Nd4 a3 39.Kf2 a2 40.Nb3 Be4 41.g3 d4 42.Ke2 Kg7 43.Kd2 Kf6
44.Kc1 Bd5 45.Na1 Ke5 46.Kb2 Ke4 47.Kc2 Ke3 48.Kd1 d3  0-1

[Event "Farum op (Women)"]
[Site "Farum"]
[Date "1993.??.??"]
[Round "5"]
[White "Erenska Radzewska, Hanna"]
[Black "Guindy, Esmat"]
[Result "1-0"]
[WhiteElo "2210"]
[BlackElo "2055"]

1.e4 e6 2.d4 d5 3.Nc3 Nf6 4.e5 Nfd7 5.f4 c5 6.Nf3 Nc6 7.Be3 a6 8.a3 cxd4
9.Nxd4 Qc7 10.Qd2 Bc5 11.Be2 b5 12.Nxc6 Qxc6 13.Bxc5 Qxc5 14.b4 Qc7 15.Qd4 O-O
16.O-O Bb7 17.Bd3 Qb6 18.Ne2 Rfc8 19.a4 bxa4 20.Rxa4 Qxd4+ 21.Nxd4 Nb6 22.Ra2 Nc4
23.Rfa1 g6 24.Kf2 Rab8 25.Ke2 Rc7 26.g3 Bc8 27.c3 Nb6 28.Rc1 Nc4 29.Nb3 Rb6
30.Nc5 f6 31.Bxc4 dxc4 32.Rd1 Kf7 33.Rd8 h6 34.Ke3 Bb7 35.Rd7+ Rxd7 36.Nxd7 Rb5
37.Nxf6 g5 38.Kd4  1-0

[Event "FRA"]
[Site "FRA"]
[Date "1993.??.??"]
[Round "?"]
[White "Bex, Pierre Alain"]
[Black "Metral, Jean Paul"]
[Result "0-1"]
[WhiteElo "2225"]
[BlackElo "2295"]

1.e4 e6 2.d4 d5 3.Nc3 Nf6 4.e5 Nfd7 5.Nce2 c5 6.c3 Nc6 7.Nf3 Be7 8.g3 cxd4
9.cxd4 f6 10.exf6 Nxf6 11.Bg2 O-O 12.O-O Qb6 13.Nf4 Ne4 14.h4 Bf6 15.Be3 Qxb2
16.Ng5 Bxg5 17.hxg5 Nc3 18.Qh5 Ne7 19.Bh3 g6 20.Qh6 Rxf4 21.gxf4 Bd7 22.Bg4 Rf8
23.Rae1 Nf5 24.Qh3 Bb5 25.Bc1 Bxf1 26.Kxf1 Qb5+ 27.Kg2 Ne4 28.Ba3 Rc8 29.Be2 Qa5
30.Rh1 Rc7 31.Bc1 Qxa2 32.Qd3 a6 33.Be3 Rc3 34.Qb1 Nxe3+ 35.fxe3 Qxe2+  0-1

[Event "FRA"]
[Site "FRA"]
[Date "1993.??.??"]
[Round "?"]
[White "Lamoureux, Charles"]
[Black "San Marco, Bruno"]
[Result "0-1"]
[WhiteElo "2345"]
[BlackElo "2250"]

1.e4 e6 2.d4 d5 3.Nc3 Nf6 4.e5 Ne4 5.Nxe4 dxe4 6.Bc4 c6 7.Be3 b5 8.Bb3 Bb7
9.Ne2 c5 10.dxc5 Nd7 11.O-O Bxc5 12.Nd4 Qb6 13.a4 a6 14.axb5 axb5 15.Rxa8+ Bxa8
16.Nxb5 Qxb5 17.c4 Qb6 18.Ba4 Bc6 19.b4 Bxa4 20.Qxa4 Bxe3 21.fxe3 Qxe3+ 22.Kh1 Ke7
23.Rxf7+ Kxf7 24.Qxd7+ Kg6 25.Qxe6+ Kg5 26.Qe7+ Kh5 27.g4+ Kxg4 28.Qxg7+ Kf3
29.h3 Qe1+ 30.Kh2 Qf2+ 31.Kh1 Ra8  0-1

[Event "FRA"]
[Site "FRA"]
[Date "1993.??.??"]
[Round "?"]
[White "Apicella, Manuel"]
[Black "Murrey, Jacob"]
[Result "1/2-1/2"]
[WhiteElo "2495"]
[BlackElo "2530"]

1.e4 e6 2.d4 d5 3.Nc3 Nf6 4.e5 Nfd7 5.f4 c5 6.Nf3 Nc6 7.Be3 Be7 8.Qd2 O-O
9.Be2 cxd4 10.Nxd4 Nxd4 11.Bxd4 Nb8 12.O-O Nc6 13.Kh1 Qa5 14.a3 Nxd4 15.Qxd4 Qc5
16.Qd2 Bd7 17.Bd3 f6 18.Qe2 fxe5 19.fxe5 Rxf1+ 20.Rxf1 Rf8 21.Rxf8+ Bxf8
22.Nd1 Qd4 23.c3 Qf4 24.g3 Qc1 25.Qc2 Qh6 26.Nf2 Bc6 27.Kg1 Bc5 28.Bf1 Qe3
29.Qe2 d4 30.b4 Bb6 31.c4 Qxa3 32.Qg4 Bd7 33.c5 Bc7 34.Qxd4 Bc6 35.Qc4 Bd5
36.Qb5 Qf3 37.Bh3 Kf8 38.Qd3 Qxd3 39.Nxd3 Bc4 40.Bf1 Ke7 41.Kf2 b5 42.Be2 a5
43.bxa5 Bxa5 44.Ke3 Bc3 45.c6 Bd5 46.c7 Kd7 47.Nf4 b4 48.Nxd5 exd5 49.e6+ Kxc7
50.Bf3 d4+ 51.Kd3 b3 52.Be4 h5 53.Kc4 b2 54.Kd5 g5 55.Bd3 Kd8 56.Kd6 Bb4+
57.Ke5 Ke7 58.Kf5 Bd2 59.h3 g4 60.hxg4 hxg4 61.Kxg4 Kxe6 62.Kf3 Kd5 63.Ke2 Bc1
64.Bb1 Kc4 65.Ba2+ Kc3 66.Bb1  1/2-1/2

[Event "Peer Gynt"]
[Site "Gausdal"]
[Date "1993.??.??"]
[Round "2"]
[White "Ernst, Thomas"]
[Black "Hermansson, Emil"]
[Result "1-0"]
[WhiteElo "2480"]
[BlackElo "2205"]

1.e4 e6 2.d4 d5 3.Nc3 Nf6 4.e5 Nfd7 5.f4 c5 6.Nf3 Nc6 7.Be3 a6 8.Qd2 b5 9.dxc5 Bxc5
10.Bxc5 Nxc5 11.Qf2 Qb6 12.Bd3 Nb4 13.O-O Rb8 14.Rfd1 Na4 15.Nxa4 bxa4 16.b3 axb3
17.axb3 Bd7 18.Qxb6 Rxb6 19.Nd4 Ke7 20.c3 Nxd3 21.Rxd3 Rc8 22.Kf2 h5 23.Ke1 g6
24.Kd2 Rc5 25.Re3 Bc8 26.Ree1 Bd7 27.Ra3 Bc8 28.Rea1 Kd7 29.Ra5 Rc7 30.R1a4 Rb8
31.Rb4 Rcb7 32.Rxb7+ Bxb7 33.Rc5 Ba8 34.Ke3 Rb6 35.b4 Bc6 36.Kf3 Bb5 37.Kg3 Ke7
38.Rc7+ Kf8 39.Kh4 Bf1 40.g3 Kg7 41.h3 Bd3 42.g4 hxg4 43.hxg4 Be4 44.Nc6  1-0

[Event "Oberliga Nord N9293"]
[Site "Germany"]
[Date "1993.??.??"]
[Round "?"]
[White "Christ, Ralf"]
[Black "Sack, Bruno Wolfgang"]
[Result "1/2-1/2"]
[WhiteElo "2240"]
[BlackElo "2320"]

1.e4 e6 2.d4 d5 3.Nc3 Nf6 4.e5 Nfd7 5.f4 c5 6.Nf3 Nc6 7.Be3 a6 8.Qd2 b5 9.dxc5 Nxc5
10.Nd4 Bd7 11.a3 Be7 12.Be2 O-O 13.O-O Rc8 14.b4 Ne4 15.Nxe4 dxe4 16.Rfd1 Nxd4
17.Bxd4 Qc7 18.Qe3 Qb7 19.c3 Bc6 20.Re1 Ra8 21.Bd1 a5 22.Bc2 Ra6 23.Rab1 axb4
24.axb4 Ra2 25.Bxe4 Rfa8 26.Bxc6 Qxc6 27.Re2 Qd5 28.Rbe1 g6 29.Qe4 Rxe2 30.Rxe2 Ra1+
31.Kf2 Qc4 32.Re1 Ra2+ 33.Re2 Ra1 34.Re1 Ra2+  1/2-1/2

[Event "BL2-N9293"]
[Site "Germany"]
[Date "1993.??.??"]
[Round "?"]
[White "Feick, Stefan"]
[Black "Krause, Ullrich"]
[Result "0-1"]
[WhiteElo "2265"]
[BlackElo "2305"]

1.e4 e6 2.d4 d5 3.Nc3 Nf6 4.e5 Nfd7 5.f4 c5 6.Nf3 Nc6 7.Be3 Qb6 8.Na4 Qa5+
9.c3 c4 10.b4 Qc7 11.Nc5 Be7 12.g3 b6 13.Nxd7 Bxd7 14.a4 O-O 15.Bh3 f5 16.g4 fxg4
17.Bxg4 Qc8 18.h4 Nd8 19.Ng5 Nf7 20.Nxf7 Rxf7 21.Qf3 Rf8 22.Qh3 Kh8 23.Ra2 Qe8
24.a5 Qg6 25.Bd1 Qd3 26.Bd2 Qb1 27.Rc2 Ba4 28.Rc1 Qe4+ 29.Be2 bxa5 30.bxa5 Rab8
31.Qf3 Bc2 32.Rh3 Qxf3 33.Bxf3 Bf5 34.Rh1 Rb2 35.Ra1 Rfb8 36.Ke2 Rc2 37.Rac1 Rbb2
38.Rxc2 Rxc2 39.Ke3 Ra2 40.Rg1 Bxh4 41.Bg4 Bxg4 42.Rxg4 Be7 43.Rg1 Rb2 44.a6 g6
45.Ra1 Kg7 46.Ra5 Kf7 47.Be1 h5 48.Kf3 Ke8 49.Ke3 Kd7 50.Bd2 Kc6 51.Ra1 g5  0-1

[Event "Oberliga Nord N9293"]
[Site "Germany"]
[Date "1993.??.??"]
[Round "?"]
[White "Voigt, Martin"]
[Black "Lamprecht, Frank"]
[Result "1-0"]
[WhiteElo "2305"]
[BlackElo "2330"]

1.e4 e6 2.d4 d5 3.Nc3 Nf6 4.e5 Nfd7 5.Nce2 c5 6.c3 Qb6 7.f4 f6 8.Nf3 Be7
9.f5 exf5 10.Nf4 cxd4 11.e6 Nf8 12.Nxd4 Bxe6 13.Ndxe6 Nxe6 14.Qxd5 Nxf4 15.Bxf4 Nc6
16.Bc4 Rf8 17.O-O-O Rd8 18.Qxf5 Ne5 19.Rxd8+ Bxd8 20.Bxe5 g6 21.Qe4 fxe5
22.Qxe5+ Be7 23.Re1 Qd8 24.Bb5+ Kf7 25.Qe6+  1-0

[Event "BL9293 (Women)"]
[Site "Germany"]
[Date "1993.??.??"]
[Round "?"]
[White "Derlich, Karin"]
[Black "Stangl, Anita"]
[Result "0-1"]
[WhiteElo "2135"]
[BlackElo "2145"]

1.e4 e6 2.d4 d5 3.Nc3 Nf6 4.e5 Nfd7 5.Nce2 c5 6.c3 Nc6 7.f4 b5 8.Nf3 b4 9.cxb4 Nxb4
10.a3 Qa5 11.axb4 Qxa1 12.bxc5 Ba6 13.Nc3 Bxf1 14.Rxf1 Be7 15.Kf2 O-O 16.Qc2 Rab8
17.f5 Qa6 18.g4 f6 19.fxe6 fxe5 20.Kg2 Qxe6  0-1

[Event "Goch op"]
[Site "Goch"]
[Date "1993.??.??"]
[Round "3"]
[White "Rosenberger, Frank"]
[Black "Barsov, Alexei"]
[Result "1/2-1/2"]
[WhiteElo "2140"]
[BlackElo "2445"]

1.e4 e6 2.d4 d5 3.Nc3 Nf6 4.e5 Nfd7 5.f4 c5 6.Nf3 Nc6 7.Be3 a6 8.Be2 cxd4
9.Nxd4 Bc5 10.Qd2 O-O 11.O-O Nxd4 12.Bxd4 Qb6 13.Bxc5 Qxc5+ 14.Kh1 b5 15.Bd3 Nb6
16.b3 Bb7 17.Ne2 g6 18.f5 exf5 19.Rae1 d4 20.Nf4 Nd5 21.Nxd5 Bxd5 22.Rxf5 Qc3
23.Qxc3 dxc3 24.Rf6 Rfe8 25.Rd6 Red8 26.Rb6 Rdb8 27.Rd6 Rd8 28.Rb6 Rdb8  1/2-1/2

[Event "Goch op"]
[Site "Goch"]
[Date "1993.??.??"]
[Round "5"]
[White "Jung, Thomas"]
[Black "Lenz, Juergen"]
[Result "1/2-1/2"]
[WhiteElo "2080"]
[BlackElo "2300"]

1.e4 e6 2.d4 d5 3.Nc3 Nf6 4.e5 Nfd7 5.f4 c5 6.Nf3 Nc6 7.Be3 a6 8.Be2 b5 9.dxc5 Bxc5
10.Bxc5 Nxc5 11.Nd4 Bd7 12.Bf3 Nxd4 13.Qxd4 Rc8 14.O-O Qb6 15.Ne2 Na4 16.Qxb6 Nxb6
17.Nd4 Nc4 18.b3 Na5 19.Be2 Nc6  1/2-1/2

[Event "Goch op"]
[Site "Goch"]
[Date "1993.??.??"]
[Round "6"]
[White "Fleuren, J."]
[Black "Thanner, Hans Peter"]
[Result "0-1"]
[WhiteElo "2060"]
[BlackElo "2120"]

1.e4 e6 2.d4 d5 3.Nc3 Nf6 4.e5 Nfd7 5.f4 c5 6.Nf3 Nc6 7.Be3 cxd4 8.Nxd4 Bc5
9.Qd2 O-O 10.Be2 a6 11.O-O Nxd4 12.Bxd4 Qb6 13.Bxc5 Qxc5+ 14.Kh1 b5 15.Bd3 g6
16.Rae1 Nb6 17.Rf3 f5 18.exf6 b4 19.Nd1 Qd4 20.Qe3 Qxe3 21.Nxe3 Rxf6 22.Ng4 Rf8
23.Ne5 Bb7 24.Rff1 Rac8 25.Ng4 Nc4 26.Rxe6 Nxb2 27.Kg1 Nxd3 28.cxd3 Rc7 29.Re5 d4
30.Re2 a5 31.Ne5 Bd5 32.g3 a4 33.Rb1 Rb8 34.Reb2 b3 35.axb3 Bxb3 36.Kf2 Rc3
37.Ra1 Ra8 38.Rab1 a3 39.Rd2 Rc2 40.Rxc2 Bxc2 41.Ra1 a2 42.Ke2 Bb1 43.Nc6 Ra4
44.Kd2 Ra3 45.Ne5 Rc3  0-1

[Event "Groningen op"]
[Site "Groningen"]
[Date "1993.??.??"]
[Round "4"]
[White "Golubev, Mihail"]
[Black "Relange, Eloi"]
[Result "1-0"]
[WhiteElo "2500"]
[BlackElo "2365"]

1.e4 e6 2.d4 d5 3.Nc3 Nf6 4.e5 Nfd7 5.Nce2 c5 6.c3 Nc6 7.f4 b5 8.a3 Qb6 9.Nf3 c4
10.g4 f6 11.Bh3 fxe5 12.fxe5 Be7 13.Nf4 Nf8 14.Nh5 Rg8 15.O-O Bd7 16.Bg5 Qd8
17.Qd2 h6 18.Qf2 Nh7 19.Bh4 Bc8 20.Bxe7 Qxe7 21.Nh4 Nf8 22.Qg3 Bd7 23.Rf2 O-O-O
24.Raf1 Be8 25.Ng2 Rd7 26.Qh4 Nh7 27.Qxe7 Rxe7 28.Ngf4 Kc7 29.Bg2 Kd7 30.Nh3 Bg6
31.N5f4 Be8 32.Kh1 Nd8 33.Bf3 Rf8 34.Bd1 Ref7 35.Bc2 Ng5 36.Nxg5 hxg5 37.Nh3 Rxf2
38.Rxf2 Rxf2 39.Nxf2 Nf7 40.Nh3 Nh6 41.Bd1 Nf7 42.Kg2 Ke7 43.Bc2 a5 44.Bg6 Nd8
45.Bxe8 Kxe8 46.Nxg5 Ke7 47.Kf3 Nf7 48.Nxf7 Kxf7 49.g5  1-0

[Event "Hallsberg opJ"]
[Site "Hallsberg"]
[Date "1993.??.??"]
[Round "?"]
[White "Krogh, Carsten"]
[Black "Danielian, Oganes"]
[Result "0-1"]
[WhiteElo "2330"]
[BlackElo "2440"]

1.e4 e6 2.d4 d5 3.Nc3 Nf6 4.e5 Nfd7 5.f4 c5 6.Nf3 Nc6 7.Be3 Qb6 8.Na4 Qa5+
9.c3 b6 10.Bd2 c4 11.b4 Qa6 12.Nb2 b5 13.a4 bxa4 14.Nxa4 Qb5 15.Nc5 a5 16.Nb3 Be7
17.Nxa5 Nxa5 18.Qa4 Qxa4 19.Rxa4 Bb7 20.bxa5 O-O 21.Be2 Bc6 22.Ra2 Ra6 23.Kf2 Rfa8
24.Rha1 Bd8 25.Bd1 Rxa5 26.Rxa5 Rxa5 27.Rxa5 Bxa5 28.Ng1 Nb6 29.Bc2 Ba4 30.Bb1 Na8
31.Ne2 Nc7 32.Ke1 Nb5 33.f5 Bb3 34.fxe6 fxe6 35.Nc1 Bxc3 36.Ne2  0-1

[Event "Hallsberg opJ"]
[Site "Hallsberg"]
[Date "1993.??.??"]
[Round "?"]
[White "Georgiev, Vladimir"]
[Black "Danielian, Oganes"]
[Result "1-0"]
[WhiteElo "2410"]
[BlackElo "2440"]

1.e4 e6 2.d4 d5 3.Nc3 Nf6 4.e5 Nfd7 5.f4 c5 6.Nf3 Nc6 7.Be3 Qb6 8.a3 cxd4
9.Nxd4 Nxd4 10.Bxd4 Bc5 11.Nb5 Bxd4 12.Qxd4 Qxd4 13.Nxd4 Ke7 14.Bd3 Nc5 15.Kd2 Bd7
16.g4 h5 17.h3 hxg4 18.hxg4 f6 19.Ke3 fxe5 20.fxe5 Raf8 21.b4 Nxd3 22.cxd3 Rc8
23.Ne2 Bc6 24.Rh5 g6 25.Rxh8 Rxh8 26.Nf4 Kd7 27.Rg1 g5 28.Nh5 Ke7 29.Rc1 a5
30.Kd4 axb4 31.axb4 Ra8 32.Nf6 Ra4 33.Kc5 d4 34.Rc2 Ra3 35.Kxd4 Kd8 36.Kc4 Ra1
37.b5 Ra4+ 38.Kc5 Ra5 39.Kd6 Rxb5 40.Ra2  1-0

[Event "GER-ch int U20"]
[Site "Hamburg"]
[Date "1993.??.??"]
[Round "?"]
[White "Schneider, Frank"]
[Black "Proehl, Holger"]
[Result "0-1"]
[WhiteElo "2240"]
[BlackElo "2355"]

1.e4 e6 2.d4 d5 3.Nc3 Nf6 4.e5 Nfd7 5.f4 c5 6.Nf3 Nc6 7.Be3 Qa5 8.Qd2 a6
9.g3 cxd4 10.Nxd4 Bc5 11.O-O-O Nxd4 12.Bxd4 b5 13.Kb1 b4 14.Ne2 Qb6 15.Qe3 a5
16.g4 Ba6 17.f5 Bxe2 18.Bxe2 Rc8 19.Rhe1 a4 20.b3 Bxd4 21.Qxd4 Qc7 22.Rd2 axb3
23.cxb3 Qc3 24.Bb5 Rc5 25.Bxd7+ Kxd7 26.Qxc3 bxc3 27.Rd3 h5 28.fxe6+ Kxe6
29.g5 Rd8 30.Kc2 d4 31.Re4 Rcd5 32.Rf4 R8d7 33.h4 Kxe5 34.Rf1 Kd6 35.Rf4 Kc5
36.Re4 Rf5 37.Re2 Kb4 38.Rd1 Rf3 39.Rd3 Rf1 40.Re4 Rf2+  0-1

[Event "Wichern op"]
[Site "Hamburg"]
[Date "1993.??.??"]
[Round "4"]
[White "Enders, Peter"]
[Black "Kaminik, Aleksandar"]
[Result "1-0"]
[WhiteElo "2480"]
[BlackElo "2200"]

1.e4 e6 2.d4 d5 3.Nc3 Nf6 4.e5 Nfd7 5.f4 c5 6.Nf3 Nc6 7.Be3 a6 8.Be2 b5 9.a3 Qb6
10.Qd2 Bb7 11.Rd1 O-O-O 12.dxc5 Bxc5 13.Bxc5 Nxc5 14.Nd4 Ne4 15.Qe3 g5 16.fxg5 Nxe5
17.O-O Rd7 18.Nxe4 dxe4 19.Nf5 Qxe3+ 20.Nxe3 Rhd8 21.Rxd7 Rxd7 22.Rf6 Ng6
23.Bh5 Kd8 24.Bxg6 hxg6 25.Kf1 Ke7 26.Ke1 Bc6 27.h4 Rd8 28.g3 a5 29.b3 Rc8
30.Rf2 Bd7 31.Rd2 a4 32.bxa4 Rc3 33.Ke2 bxa4 34.Rd1 Bb5+ 35.Kd2 Rxa3 36.Rb1 Bc6
37.g4 f6 38.gxf6+ Kxf6 39.Rb6 Be8 40.g5+ Kg7 41.Rxe6 Bf7 42.Rf6 Ra1 43.h5 a3
44.h6+ Kf8 45.Nf5 Rh1 46.Nd6 a2 47.Rxf7+ Kg8 48.Rg7+ Kf8 49.Rf7+ Kg8 50.Ra7 a1=Q
51.Rxa1 Rxa1 52.c4 Ra3 53.Nxe4 Kf7 54.c5 Rh3 55.Nf6 Ke7 56.Nd5+ Kd7 57.Nf4 Rh1
58.Ke3 Kc6 59.Kd4 Rh4 60.Ke5 Kxc5 61.Nxg6 Rh1 62.Nf4  1-0

[Event "Hania op"]
[Site "Hania"]
[Date "1993.??.??"]
[Round "3"]
[White "Riemersma, Liafbern"]
[Black "Luther, Thomas"]
[Result "1-0"]
[WhiteElo "2420"]
[BlackElo "2480"]

1.e4 e6 2.d4 d5 3.Nc3 Nf6 4.e5 Nfd7 5.Nce2 c5 6.c3 Nc6 7.f4 Qb6 8.Nf3 f6
9.g3 cxd4 10.cxd4 Bb4+ 11.Nc3 O-O 12.a3 Be7 13.Bh3 Kh8 14.exf6 Nxf6 15.O-O Ne4
16.Re1 Bf6 17.Nxe4 dxe4 18.Rxe4 Bd7 19.Rb1 Nxd4 20.Nxd4 Bc6 21.Re5 Bxe5 22.fxe5 Be4
23.Be3 Bxb1 24.Qxb1 Rad8 25.Qd3 Rxd4 26.Qxd4 Qa5 27.Qb4 Qxb4 28.axb4 b6 29.Bd4 Re8
30.Kf2 Kg8 31.Bg4 Rf8+ 32.Ke3 Kf7 33.Kf4 Rc8 34.Bc3 Rc4+ 35.Kf3 Ke7 36.h4 Rc8
37.Kg2 Kf7 38.Bf3 Rd8 39.Be4 h6 40.Bf3 Rc8 41.Kf2 Rd8 42.Ke3 Rd7 43.b5 Rd8
44.Bh5+ Kg8 45.Bb4 Rd5 46.Bd6 Rxb5 47.b4 a5 48.Be2  1-0

[Event "Heraklio op"]
[Site "Heraklio"]
[Date "1993.??.??"]
[Round "6"]
[White "Arakhamia, Ketevan"]
[Black "Drasko, Milan"]
[Result "1/2-1/2"]
[WhiteElo "2440"]
[BlackElo "2520"]

1.e4 e6 2.d4 d5 3.Nc3 Nf6 4.e5 Nfd7 5.f4 c5 6.Nf3 a6 7.Be3 Qb6 8.Na4 Qa5+
9.c3 cxd4 10.b4 Qc7 11.Qxd4 Nc6 12.Qd2 Be7 13.Bd3 b5 14.Nb2 a5 15.O-O axb4  1/2-1/2

[Event "HUN-chT"]
[Site "HUN"]
[Date "1993.??.??"]
[Round "?"]
[White "Jamrich, Gyorgy"]
[Black "Balazs, Tibor Jr"]
[Result "1-0"]
[WhiteElo "2150"]
[BlackElo "2240"]

1.e4 e6 2.d4 d5 3.Nc3 Nf6 4.e5 Nfd7 5.f4 c5 6.Nf3 Nc6 7.Be3 cxd4 8.Bxd4 a6
9.Be3 Qc7 10.a3 b5 11.Bd3 Nc5 12.O-O Nxd3 13.cxd3 Be7 14.Rc1 Qd7 15.Ne2 O-O
16.Ned4 Nxd4 17.Nxd4 Bb7 18.f5 Qd8 19.f6 gxf6 20.Bh6 f5 21.Bxf8 Bxf8 22.Nf3 d4
23.Qd2 Bg7 24.Qf4 Qd5 25.Rc7 Rc8 26.Rfc1 Rxc7 27.Rxc7 h6 28.b3 Bf8 29.Qh4 Bc6
30.Rc8 Qc5 31.Qxh6 a5 32.b4 axb4 33.Qg5+ Kh7 34.axb4 Qc1+ 35.Qxc1  1-0

[Event "HUN-chT2"]
[Site "HUN"]
[Date "1993.??.??"]
[Round "?"]
[White "Tornai, Imre"]
[Black "Szabo, Ervin"]
[Result "1/2-1/2"]
[WhiteElo "2280"]
[BlackElo "2275"]

1.e4 e6 2.d4 d5 3.Nc3 Nf6 4.e5 Nfd7 5.f4 c5 6.Nf3 Nc6 7.Be3 cxd4 8.Nxd4 Bc5
9.Qd2 Nxd4 10.Bxd4 Bxd4 11.Qxd4 Qb6 12.O-O-O Qxd4 13.Rxd4 a6 14.g3 Ke7 15.Bg2 g6
16.Rhd1 Rb8 17.a4 b6 18.Kb1 Bb7 19.Ne4 Nc5 20.Nc3 Bc6 21.Bf1 Ra8 22.b3 h5
23.h3  1/2-1/2